|
|
|
|
| LEADER |
00000naa2a2200000 4500 |
| 001 |
148529 |
| 005 |
20231031145509.0 |
| 035 |
|
|
|a (RuTPU)RU\TPU\book\161032
|
| 090 |
|
|
|a 148529
|
| 100 |
|
|
|a 20081203d2008 k y0rusy50 ca
|
| 101 |
0 |
|
|a rus
|
| 102 |
|
|
|a RU
|
| 200 |
1 |
|
|a Исследование напряжённого состояния опорно-поворотного узла
|f И. А. Ульянов, А. Н. Гормаков
|g науч. рук. А. Н. Гормаков
|
| 320 |
|
|
|a Библиогр.: 3 назв.
|
| 461 |
|
1 |
|0 (RuTPU)RU\TPU\book\156858
|t Современные техника и технологии
|o 14 Международная научно-практическая конференция студентов, аспирантов и молодых ученых, г. Томск, 24-28 марта 2008 г.
|o труды
|o в 3 т.
|f Томский политехнический университет (ТПУ)
|d 2008
|
| 463 |
|
0 |
|0 (RuTPU)RU\TPU\book\155176
|t Т. 1
|v С. 198-200
|d 2008
|p 538 с.
|
| 610 |
1 |
|
|a напряжённые состояния
|
| 610 |
1 |
|
|a опорно-поворотные узлы
|
| 610 |
1 |
|
|a тела качения
|
| 610 |
1 |
|
|a шарикоподшипники
|
| 610 |
1 |
|
|a вращение
|
| 610 |
1 |
|
|a подшипники
|
| 610 |
1 |
|
|a модели
|
| 610 |
1 |
|
|a напряжённо-деформированные состояния
|
| 610 |
1 |
|
|a изотропные сплавы
|
| 610 |
1 |
|
|a труды учёных ТПУ
|
| 700 |
|
1 |
|a Ульянов
|b И. А.
|
| 701 |
|
1 |
|a Гормаков
|b А. Н.
|c специалист в области приборостроения
|c доцент Томского политехнического университета, кандидат технических наук
|f 1949-
|g Анатолий Николаевич
|2 stltpush
|3 (RuTPU)RU\TPU\pers\26483
|
| 702 |
|
1 |
|a Гормаков
|b А. Н.
|4 727
|
| 801 |
|
1 |
|a RU
|b 63413507
|c 20081203
|g PSBO
|
| 801 |
|
2 |
|a RU
|b 63413507
|c 20141106
|g RCR
|
| 942 |
|
|
|c BK
|